Statistiques concernant Les villes les plus peuplées d'Ariège

Cliquez ici pour prendre le quiz!

Statistiques générales

  • Ce quiz a été pris 77 fois
  • Le résultat moyen est 10 sur 20

Statistiques - réponses

PopulationVille% Correct
9 109Foix
100%
13 463Pamiers
93%
3 076Mirepoix
75%
6 933Lavelanet
72%
6 279Saint-Girons
72%
1 440Ax-les-Thermes
67%
3 429Tarascon-sur-Ariège
65%
3 562Saverdun
58%
2 271Saint-Jean-du-Falga
47%
2 703Varilhes
43%
2 618Mazères
42%
1 977La Tour-du-Crieu
38%
2 021Verniolle
33%
1 592Saint-Lizier
30%
2 667Laroque-d'Olmes
27%
2 116Lézat-sur-Lèze
25%
1 321Montgaillard
25%
1 222Saint-Paul-de-Jarrat
22%
1 181Bélesta
15%
1 294Villeneuve-d'Olmes
5%

Distribution des résultats

Percentile par nombre de réponses

% des personnes avec chaque résultat

Votre développement - résultats

Vous n’avez pas pris ce quiz